Quelle cité grecque? - Statistiques

Statistiques générales
  • Ce quiz a été pris 3 379 fois
  • Le résultat moyen est 8 sur 18
Statistiques - réponses
Indice Lettre Cité % Correct
Capitale actuelle de la Grèce A Athènes
100%
Rivale historique de la précédente S Sparte
93%
Cette cité n'aurait pas dû accepter ce cheval en bois... T Troie
93%
Son port aurait été gardé par un colosse de bronze R Rhodes
87%
Se trouve sur un isthme du même nom C Corinthe
55%
Partage son nom avec une ancienne capitale égyptienne T Thèbes
50%
Île qui a donné son nom à une ligue attique au Ve siècle avant D Délos
43%
Y contient le tombeau de Mausole, une Merveille du monde H Halicarnasse
39%
Artémis y a un grand et merveilleux temple É Éphèse
38%
Plus grande île des Cyclades N Naxos
28%
Centre de la civilisation minoenne (Crète) C ou K Cnossos
27%
Métropole de Massalia, Marseille antique P Phocée
25%
Une des premières civilisation grecque continentale y a vu le jour M Mycènes
20%
Elle a donné son nom à la région de l'Argolide A Argos
19%
Ville de Thalès et Hippodamos M Milet
17%
Répond aujourd'hui au nom d'Izmir S Smyrne
16%
Son autel est reconstitué dans un musée du même nom à Berlin P Pergame
9%
Ville religieuse en Eubée, assiégée par les Perses en -499 É Érétrie
4%
Aucun quiz correspondant
Distribution des résultats
% des personnes avec chaque résultat
Percentile par nombre de réponses
Votre historique - résultats
Vous n’avez pas pris ce quiz